Azeem Loogon Ki Sunehri Baatein (Record no. 62752)

000 -LEADER
fixed length control field 00467nam a22001697a 4500
003 - CONTROL NUMBER IDENTIFIER
control field NUST - PNEC
005 - DATE AND TIME OF LATEST TRANSACTION
control field 20170116180756.0
008 - FIXED-LENGTH DATA ELEMENTS--GENERAL INFORMATION
fixed length control field 150404b xxu||||| |||| 00| 0 eng d
040 ## - CATALOGING SOURCE
Transcribing agency LIBRARY
082 ## - DEWEY DECIMAL CLASSIFICATION NUMBER
Classification number 080 JAV
100 ## - MAIN ENTRY--PERSONAL NAME
9 (RLIN) 2097
Personal name Javed Iqbal
245 ## - TITLE STATEMENT
Title Azeem Loogon Ki Sunehri Baatein
Statement of responsibility, etc. Javed Iqbal
260 ## - PUBLICATION, DISTRIBUTION, ETC.
Place of publication, distribution, etc. Lahore:
Name of publisher, distributor, etc. Al-Asar Publications,
Date of publication, distribution, etc. c2012.
300 ## - PHYSICAL DESCRIPTION
Extent 384 p.:
Dimensions 22 cm.
650 ## - SUBJECT ADDED ENTRY--TOPICAL TERM
9 (RLIN) 2098
Topical term or geographic name entry element Literature, Human life
General subdivision General
942 ## - ADDED ENTRY ELEMENTS (KOHA)
Source of classification or shelving scheme
Koha item type Book
Holdings
Withdrawn status Lost status Source of classification or shelving scheme Damaged status Not for loan Permanent Location Current Location Shelving location Date acquired Source of acquisition Cost, normal purchase price Total Checkouts Full call number Barcode Date last seen Cost, replacement price Price effective from Koha item type
          Pakistan Navy Engineering College (PNEC) Pakistan Navy Engineering College (PNEC)   06/19/2013 ZS Dictionary Shop/NUST Recurring A/c 280.00   080 JAV PNECLIB-031225 04/04/2015 280.00 06/19/2013 Book
© 2023 Central Library, National University of Sciences and Technology. All Rights Reserved.